000 00331 a2200109 4500
001 ART_46783
005 20260410162000.0
008 260409a
245 1 0 _aEquilibrar el este, renovar el oeste
100 1 _aBrzezinski, Zbigniew
773 0 _tArchivos del presente
_g- Año 16, Nº 57/58 (ene. 2012)
_wREV28180
999 _c31169
_d31169